Statystyki dla Państwa, które nazywają się jak ich stolice

Kliknij tutaj aby rozwiązać quiz!

Ogólne statystyki

  • Ten quiz został rozwiązany 455 razy
  • Średni wynik to 7 z 14

Statystyki odpowiedzi

StolicaPaństwo% Poprawnych
AndoraAndora
83%
San MarinoSan Marino
83%
WatykanWatykan
82%
LuksemburgLuksemburg
79%
MonakoMonako
75%
MeksykMeksyk
68%
GwatemalaGwatemala
44%
PanamaPanama
42%
SingapurSingapur
42%
DżibutiDżibuti
33%
AlgierAlgieria
31%
KuwejtKuwejt
31%
BissauGwinea Bissau
19%
MaleMalediwy
17%

Rozkład punktacji

Percentyl według liczby udzielonych odpowiedzi

Procent ludzi z każdym wynikiem

Twoja historia wyników

Nie rozwiązałeś tego quizu